Cultura general por letra - P - Estadísticas

Estadísticas generales
  • Esta prueba ha sido intentada 5.853 veces
    4.959 desde el último reinicio
  • La puntuación promedio es 13 de 20
Estadísticas de respuestas
Pista Respuesta % Correcto
Capital de Francia París
100%
Máximo representante de la Iglesia Católica Papa
98%
Famoso pintor español, uno de los máximos exponentes del cubismo Pablo Picasso
97%
Persona que asalta barcos en el mar, comúnmente representado con parche en el ojo Pirata
97%
Planeta enano del sistema solar, anteriormente considerado el noveno planeta Plutón
94%
Juego de cartas muy popular, donde se apuesta dinero Póker
94%
Fútbolista brasileño considerado uno de los mejores de todos los tiempos Pelé
90%
Ave que no vuela, vive en zonas frías y se caracteriza por su caminar torpe Pingüino
89%
Queso italiano duro y rallado, muy usado en pastas Parmesano
88%
Matemático y filósofo griego, famoso por su teorema en geometría Pitágoras
88%
Consola de videojuegos popular creada por Sony Play Station
88%
Apellido del fiel escudero de Don Quijote Panza
84%
Terreno húmedo, típicamente lleno de agua estancada y vegetación Pantano
78%
El perro es un can, el caballo es un equino, el elefante es un... Paquidermo
41%
Reforma política y económica en la Unión Soviética impulsada por Mijaíl Gorbachov Perestroika
24%
Uno de Los Tres Mosqueteros Portos
21%
En la serie "Modern Family", apellido de Claire, Mitchell y Jay Pritchet
21%
Tipo de loro de colores brillantes, también es un cóctel con licor de anís Perico
17%
Fruto del alfóncigo Pistacho
15%
Isla tropical en Tailandia, conocida por sus playas y resorts Phuket
12%
No se encontraron pruebas coincidentes
Distribución de puntuación
Porcentaje de gente con cada puntuación
Porcentaje por número respondido
Historial de tus puntuaciones
No has intentado esta prueba desde el último reinicio